Statistics for WW2 Trivia

Click here to take the quiz!

General Stats

  • This quiz has been taken 27 times
  • The average score is 8 of 25

Answer Stats

HintAnswer% Correct
The name of the Japanese emperor in WW2Hirohito
80%
The invasion of this country is often called the September CampaignPoland
80%
The word used to describe the ‘pure’ German race by the NazisAryan
75%
The number of Japanese aircraft carriers sunk at Midway4
65%
Only 20% of the men born in this country during 1923 survived the warSoviet Union
65%
A major battle of World War II that lasted from August 1942 to February 1943Stalingrad
65%
Appointed the head of the Luftwaffe in 1935Hermann Goering
55%
US general that was selected for the first modern pentathlon in the 1912 OlympicsGeorge Patton
45%
The last Japanese soldier to surrender did it in this year1974
40%
The largest armoured battle of all timeKursk
40%
Norwegian commandos destroyed a plant that produced this, preventing Germany from making plutonium (used in nuclear weapons)Heavy water
35%
This country was awarded the George Cross in 1943 for bravery and enduranceMalta
35%
With the largest surrender of British-led military personnel in history, the fall of this country was labelled as the "worst disaster" in British military historySingapore
30%
The name of the massacre in which nearly 22,000 Polish officers were executed by the NKVDKatyn
25%
The name of a famous German cipher machineEnigma machine
20%
The first German fatality of the war was killed by a soldier from this countryJapan
20%
The name of the plane that dropped 'Fat Man' on NagasakiBock's Car
15%
What was the operational codename for the Normandy aquatic landingsNeptune
15%
The name of the operation more commonly known as ‘The Dambusters’Chastise
5%
The nickname for British special operations units that were officially known as the Long Range Penetration GroupsChindits
5%
The name of the German general who commanded the 20th Mountain ArmyEduard Dietl
0%
What did the above create in 1933Gestapo
0%
Wehrmacht Major who worked closely with Austrian resistance and died fighting alongside American troops at Castle ItterJosef 'Sepp' Gangl
0%
The main rifle used by the German armyK98
0%
The name of the battle fought between 2nd February and 10th August 1944 on the Eastern frontNarva
0%

Score Distribution

Percentile by Number Answered

Percent of People with Each Score

Your Score History

You have not taken this quiz